[Event "Stuttgart-chB op"]
[Site "Ditzingen"]
[Date "2015.05.17"]
[Round "7"]
[White "Fais, Sami"]
[Black "Gheng, Dominik"]
[Result "1/2-1/2"]
[WhiteElo "1817"]
[BlackElo "1771"]
[PlyCount "39"]
[EventDate "2015.05.17"]
[EventType "swiss"]
[EventRounds "7"]
[EventCountry "GER"]
[SourceTitle "EXT 2018"]
[Source "ChessBase"]
[SourceDate "2017.10.13"]
[SourceVersion "1"]
[SourceVersionDate "2017.10.13"]
[SourceQuality "1"]

1. d4 d5 2. Nf3 Nf6 3. c4 e6 4. Nc3 Be7 5. Bg5 h6 6. Bh4 0-0 7. e3 b6 8. Bxf6 Bxf6 9. cxd5 exd5 10. g3 Bb7 11. Bg2 c5 12. 0-0 Na6 13. Qd2 Qd7 14. Rfd1 Rfd8 15. Rac1 Rac8 16. Qe1 Qe7 17. Rd2 Nc7 18. Rcd1 Rd6 19. Re2 Ba6 20. Red2 1/2-1/2

[Event "Stuttgart-chC int"]
[Site "Ditzingen"]
[Date "2013.05.12"]
[Round "7"]
[White "Fais, Sami"]
[Black "Erben, Katrin"]
[Result "0-1"]
[WhiteElo "1413"]
[BlackElo "1272"]
[PlyCount "43"]
[EventDate "2013.05.09"]
[EventType "swiss"]
[EventRounds "7"]
[EventCountry "GER"]
[SourceTitle "EXT 2014"]
[Source "ChessBase"]
[SourceDate "2013.11.20"]
[SourceVersion "1"]
[SourceVersionDate "2013.11.20"]
[SourceQuality "1"]

1. d4 d5 2. c4 e6 3. Nc3 Nf6 4. Nf3 Bb4 5. Qa4+ Nc6 6. Ne5 Bxc3+ 7. bxc3 Bd7 8. Nxd7 Qxd7 9. cxd5 exd5 10. e3 a6 11. Ba3 Qf5 12. Bb5 Kd7 13. Bxc6+ bxc6 14. 0-0 Rhb8 15. Rac1 Rb7 16. c4 h6 17. cxd5 Qxd5 18. Rc5 Qe4 19. Re5 Qd3 20. Re7+ Kc8 21. Qxc6 Qxa3 22. Re8+ 0-1

[Event "Stuttgart-chC int"]
[Site "Ditzingen"]
[Date "2013.05.09"]
[Round "1"]
[White "Fais, Sami"]
[Black "Klein, Werner"]
[Result "1-0"]
[WhiteElo "1413"]
[BlackElo "1043"]
[PlyCount "90"]
[EventDate "2013.05.09"]
[EventType "swiss"]
[EventRounds "7"]
[EventCountry "GER"]
[SourceTitle "EXT 2014"]
[Source "ChessBase"]
[SourceDate "2013.11.20"]
[SourceVersion "1"]
[SourceVersionDate "2013.11.20"]
[SourceQuality "1"]

1. d4 e6 2. c4 d5 3. Nc3 h6 4. Nf3 Nf6 5. Bf4 a6 6. cxd5 exd5 7. e3 Be7 8. Be2 0-0 9. 0-0 Bf5 10. Re1 Re8 11. Rc1 b5 12. a3 c5 13. dxc5 Bxc5 14. Nxd5 Nxd5 15. Rxc5 Be6 16. Bg3 Nb6 17. Qxd8 Rxd8 18. Bc7 Na4 19. Bxd8 Nxc5 20. Be7 Nbd7 21. Nd4 Re8 22. Bxc5 Nxc5 23. Rc1 Nb3 24. Nxb3 Bxb3 25. Rc6 Rd8 26. Kf1 Rd2 27. Rxa6 Rxb2 28. Bd3 g6 29. Bxb5 Rb1+ 30. Ke2 Bd1+ 31. Kd2 Bg4 32. f3 Rb2+ 33. Kc3 Rxb5 34. fxg4 Rb1 35. Rf6 Rg1 36. Rf2 Re1 37. Ra2 Rxe3+ 38. Kd4 Re8 39. a4 Rd8+ 40. Kc5 Kf8 41. a5 Ke8 42. Kb6 Rd7 43. a6 Rd6+ 44. Kc5 Ke7 45. a7 Rc6+ 1-0